Países de las integrantes de Dream Academy! (Katseye) - Estadísticas

Estadísticas generales
  • Esta prueba ha sido intentada 13 veces
    10 desde el último reinicio
  • La puntuación promedio es 29 de 37
Estadísticas de respuestas
Integrante País % Correcto
Sophia Filipinas
100%
Daniela Alemania
88%
Lexie Alemania
88%
Celeste Argentina
88%
Megan China
88%
Yoonchae Corea del Sur
88%
Nayoung Corea del Sur
88%
Karlee Corea del Sur
88%
Lara Estados Unidos
88%
Megan Estados Unidos
88%
Daniela Estados Unidos
88%
Emily Estados Unidos
88%
Brooklyn Estados Unidos
88%
Karlee Estados Unidos
88%
Lara India
88%
Ezrela India
88%
Daniela Venezuela
88%
Ezrela Australia
75%
Samara Brasil
75%
Lexie Chile
75%
Daniela Cuba
75%
Daniela Italia
75%
Manon Italia
75%
UA Japón
75%
Mei Japón
75%
Karlee Japón
75%
Hinari Japón
75%
Megan Suecia
75%
Lexie Suecia
75%
Manon Suiza
75%
Marquise Tailandia
75%
Iliya Bielorrusia
63%
Adéla Eslovaquia
63%
Megan Singapur
63%
Manon Ghana
50%
Lexie Rusia
50%
Lara Sri Lanka
50%
No se encontraron pruebas coincidentes
Distribución de puntuación
Porcentaje de gente con cada puntuación
Porcentaje por número respondido
Historial de tus puntuaciones
No has intentado esta prueba desde el último reinicio